00506nam a2200169Ia 4500008004100000082001700041100001900058245003300077250000800110260003600118300001200154500002400166650001500190942000700205952010700212999001700319230524s9999 xx 000 0 und d a621.382bLAL aG.K.Lal925508 0aBasic Electrical Engineering a1ST aNEW DELHIb3 D Publishersc2006 aVII;R.4 aQuantity Number: 1 aElectrical cBK 00104070aTATCLbTATCLcGENd2023-05-24l0o621.382 LALp19569r2023-05-24w2023-05-24yBKzCPEC5203 c37545d37545